文学地图馆.唐诗 (Record no. 65504)

000 -LEADER
fixed length control field 00470nam a22001817a 4500
003 - CONTROL NUMBER IDENTIFIER
control field MPLRDC
005 - DATE AND TIME OF LATEST TRANSACTION
control field 20220104194052.0
008 - FIXED-LENGTH DATA ELEMENTS--GENERAL INFORMATION
fixed length control field 210129b ||||| |||| 00| 0 eng d
020 ## - INTERNATIONAL STANDARD BOOK NUMBER
International Standard Book Number 978-986-5787-30-1
082 ## - DEWEY DECIMAL CLASSIFICATION NUMBER
Classification number 831.4 FY
100 ## - MAIN ENTRY--PERSONAL NAME
Personal name 远足文学编辑组 编译
245 ## - TITLE STATEMENT
Title 文学地图馆.唐诗
Statement of responsibility, etc.
250 ## - EDITION STATEMENT
Edition statement 第一版
260 ## - PUBLICATION, DISTRIBUTION, ETC.
Place of publication, distribution, etc. 台湾
Name of publisher, distributor, etc. 远足文化事业股份有限公司
Date of publication, distribution, etc. 2014
300 ## - PHYSICAL DESCRIPTION
Other physical details
650 ## - SUBJECT ADDED ENTRY--TOPICAL TERM
Topical term or geographic name entry element 唐诗
942 ## - ADDED ENTRY ELEMENTS (KOHA)
Koha item type Book
-- 831.4 FY
Holdings
Withdrawn status Lost status Source of classification or shelving scheme Damaged status Not for loan Collection code Home library Current library Shelving location Date acquired Cost, normal purchase price Total Checkouts Full call number Barcode Date last seen Date last checked out Price effective from Koha item type Public note
            Malaysian Public Library, Research and Development Centre Malaysian Public Library, Research and Development Centre   05/06/2015 35.70   831.4 FY 00059406 18/03/2021 25/06/2016 18/03/2021 Book mplrdc

© 2022. Malaysian Public Library, Research and Development Centre. All Right ReservedE-mailmplrdc@help.edu.my 

Powered by Koha